Itabo

Salvato in:
Dettagli Bibliografici
Autore principale: Araya, Carlomagno
Natura: Libro
Lingua:Undetermined
Pubblicazione: San José, Costa Rica Imprenta Nacional 1967
Soggetti:
Tags: Aggiungi Tag
Nessun Tag, puoi essere il primo ad aggiungerne!!

MARC

LEADER 00000nam a2200000Ia 4500
008 170316s9999 xx 000 0 und d
040 |a cru BVZT 
090 |a 868 A-15i Fotocopia 
100 |a Araya, Carlomagno  |9 339 
245 |a Itabo  |c / Carlomagno Araya 
260 |a San José, Costa Rica  |b Imprenta Nacional  |c 1967 
300 |a 121 páginas 
650 |a LITERATURA COSTARRICENSE  |9 17 
650 |a POESÍA  |9 18 
999 |c 10667  |d 10667 
942 |c 15 D  |h 868 A-15i Fotocopia  |2 z